002880000a2200073000450024501050000004100140010510000330011977300620015210aPlanteamiento de un modelo matricial para el análisis de la dinámica de poblaciones de árboles0 aEspañol1 aGonzález Pérez, Humberto1 tCrónica Forestal y del Medio Ambienteh11q89-104d1996